MARC

LEADER 00000nas a2200000 i 4500
001 ssj0006197
003 WaSeSS
005 20200512172242.0
006 m d
007 cr n
008 111018c19639999gw qx pss 0 b0ger
010 |a  2016204053 
022 |a 1612-9520  |l 0028-3517  |y 0028-3517 
035 |a (WaSeSS)ssj0006197 
040 |a OCLCE  |b eng  |e pn  |c OCLCE  |d OCLCQ  |d OCLCF  |d OCLCO  |d DLC  |d F#A  |d NSD  |d MUQ  |d SYB  |d TXA  |d AUD  |d Z5A  |d QE2  |d OCLCQ  |d OCLCO  |d DEFHM  |d OCLCO  |d OCLCA  |d VT2  |d WaSeSS 
041 0 |a ger  |a eng 
042 |a pcc 
050 0 0 |a BR4 
050 1 4 |a BR4  |b .Z732 
210 0 |a Neue Z. syst. Theol. Relig.philos.  |b (Internet) 
222 0 |a Neue Zeitschrift für systematische Theologie und Religionsphilosophie  |b (Internet) 
245 0 0 |a Neue Zeitschrift für systematische Theologie und Religionsphilosophie  |h [electronic resource]. 
246 1 |a NZSTh 
260 |a Berlin, Germany :  |b De Gruyter 
310 |a 4 issues a year,  |b 2004-<2016> 
321 |a Three issues a year,  |b 1963-2003 
362 1 |a Print began with 5. Band (1963). 
500 |a Print version published: Berlin : Verlag Alfred Töpelmann, 1963- ; Berlin : De Gruyter, <2002-2016> 
506 |a License restrictions may limit access. 
515 |a Two issues published in 1977 and in 1979. 
546 |a Chiefly in German, some in English. 
588 |a Description based on: 5. Band, [Heft 1] (1963); title from PDF volume title page (De Gruyter Online, viewed June 29, 2016). 
588 |a Latest issue consulted: Band 58, Heft 2 (2016) (De Gruyter Online, viewed June 29, 2016). 
650 0 |a Theology  |v Periodicals. 
650 0 |a Religion  |x Philosophy  |v Periodicals. 
650 0 |a Theology, Doctrinal  |v Periodicals. 
650 6 |a Théologie dogmatique  |v Périodiques. 
650 6 |a Religion  |x Philosophie  |v Périodiques. 
650 6 |a Théologie  |v Périodiques. 
650 7 |a Religion  |x Philosophy.  |2 fast  |0 (OCoLC)fst01093794 
650 7 |a Theology.  |2 fast  |0 (OCoLC)fst01149559 
650 7 |a Theology, Doctrinal.  |2 fast  |0 (OCoLC)fst01149617 
650 7 |a Religionsphilosophie  |2 gnd 
650 7 |a Zeitschrift  |2 gnd 
650 7 |a Online-Ressource  |2 gnd 
650 7 |a Theologie  |2 gnd 
650 7 |a Systematische Theologie  |2 gnd 
650 1 7 |a Systematische theologie.  |2 gtt 
650 1 7 |a Godsdienstfilosofie.  |2 gtt 
655 0 |a Electronic journals. 
776 0 8 |i Print version:  |t Neue Zeitschrift für systematische Theologie und Religionsphilosophie  |x 0028-3517  |w (DLC)sn 98016446  |w (OCoLC)1589497 
780 0 0 |t Neue Zeitschrift für systematische Theologie  |x 0179-6127  |w (DLC)sn 98016444  |w (OCoLC)61283845 
850 |a DLC 
856 4 0 |z Full text available from Research Library: 01/01/2001 to 04/30/2013  |u https://search.proquest.com/publication/45047